Foundations of science : the philosophy of theory and experiment /
Guardado en:
| Autor Principal: | |
|---|---|
| Formato: | Libro |
| Idioma: | English |
| Publicado: |
New York :
Dover,
1957.
|
| Materias: | |
| Etiquetas: |
Agregar Etiqueta
Sin Etiquetas, Sea el primero en etiquetar este registro!
|
| LEADER | 00666nam a22001695a 4500 | ||
|---|---|---|---|
| 001 | MAT.inmabb000296 | ||
| 008 | 850409r19571920nyu###########000#0#eng## | ||
| 005 | 20151112152159.0 | ||
| 245 | 1 | 0 | |a Foundations of science : |b the philosophy of theory and experiment / |c by Norman Robert Campbell. |
| 260 | |a New York : |b Dover, |c 1957. | ||
| 300 | |a vii, 565 p. ; |c 22 cm. | ||
| 500 | |a "An unabridged and unaltered republication of the first edition [1920] ... published under the title: Physics the elements." | ||
| 100 | 1 | |a Campbell, Norman Robert, |d 1880- | |
| 084 | |a 00A79 |2 msc2000 | ||
| 650 | 0 | |a Physics |x Philosophy. | |
| 010 | |a 57013303 | ||
| 859 | |h 00A79 |i C187 |p A-23 |b BIB. MATEMATICA | ||
